000 01225nam a2200301 a 4500
005 20060722155810.0
008 030918s2003 ii ab b 001 0 eng
010 _aENG-91552
020 _a9780195698909
_c545.00
020 _a0195698908
035 _aEN-75085
037 _bDBAD / PUB
040 _adpl
_bEnglish
082 _a305.9069180954
245 _aNomadism in South Asia /
_cedited by Aparna Rao (and) Michael J. Casimir.
260 _aNew Delhi
_bOxford University Press,
_c2008
300 _axvi, 543 p. :
_bill., maps ;
_c22 cm (pbk)
440 _aOxford in India readings in sociology and social anthropology/edited by T.N. Madan
500 _aIncludes bibliographical references and index.
520 _aContributed essays.
650 _aMigration, Internal
_zSouth Asia.
650 _aNomads
_zSouth Asia.
700 _aRao, Aparna.
700 _aCasimir, Michael J.
856 _uhttp://www.loc.gov/catdir/enhancements/fy0615/2003321544-d.html
942 _2ddc
_cEN
_h305.9069180954
_mNOM
999 _c18161
_d18161